[Event "Aegean op 39th"]
[Site "Aghios Kirykos"]
[Date "2016.07.13"]
[Round "4"]
[White "Pavlis, Antonios"]
[Black "Divaris, Dionisis"]
[Result "0-1"]
[WhiteElo "1869"]
[BlackElo "1679"]
[PlyCount "70"]
[EventDate "2016.07.11"]
[EventType "swiss"]
[EventRounds "9"]
[EventCountry "GRE"]
[SourceTitle "EXT 2017"]
[Source "ChessBase"]
[SourceDate "2016.10.25"]
[SourceVersion "1"]
[SourceVersionDate "2016.10.25"]
[SourceQuality "1"]

1. d4 e6 2. Bf4 f5 3. e3 Nf6 4. Nd2 d5 5. h3 Bd6 6. Ngf3 Bxf4 7. exf4 Nbd7 8. Bd3 0-0 9. Qe2 Ne4 10. 0-0-0 c5 11. c3 Qa5 12. Kb1 c4 13. Bc2 b5 14. Ng5 Ndf6 15. Ngxe4 Nxe4 16. Bxe4 fxe4 17. f3 exf3 18. Nxf3 b4 19. Rc1 Rb8 20. Ka1 bxc3 21. Rxc3 Qb6 22. g3 Rf7 23. Rd1 Rfb7 24. Rd2 Qa5 25. Rdc2 Rxb2 26. Rxb2 Qxc3 27. Kb1 Rxb2+ 28. Qxb2 Qxf3 29. Qb8 Qd1+ 30. Kb2 Qxd4+ 31. Kc2 Qc5 32. f5 exf5 33. Qe5 Bd7 34. Kd2 Qb4+ 35. Ke3 Qe1+ 0-1

[Event "Ambelokipi op 130th"]
[Site "Athens"]
[Date "2012.12.15"]
[Round "?"]
[White "Divaris, Dionisis"]
[Black "Koutoukidis, Panagiotis"]
[Result "0-1"]
[WhiteElo "1775"]
[BlackElo "2178"]
[PlyCount "86"]
[EventDate "2012.12.01"]
[EventType "swiss"]
[EventRounds "7"]
[EventCountry "GRE"]
[SourceTitle "EXT 2024"]
[Source "ChessBase"]
[SourceDate "2023.10.10"]
[SourceVersion "1"]
[SourceVersionDate "2023.10.10"]
[SourceQuality "1"]

1. d4 Nf6 2. c4 g6 3. g3 Bg7 4. Bg2 0-0 5. Nc3 d6 6. e3 c5 7. Nge2 Nc6 8. b3 cxd4 9. Nxd4 Bg4 10. f3 Bd7 11. 0-0 a6 12. Bb2 Rc8 13. Rc1 Qb6 14. Nc2 Ne5 15. Ba1 Qa5 16. Qe2 b5 17. b4 Qb6 18. Nd5 Nxd5 19. cxd5 Rc4 20. Bd4 Qc7 21. f4 Ng4 22. Bxg7 Kxg7 23. h3 Nf6 24. e4 Rc8 25. Rf2 Rc3 26. Kh2 Qc4 27. e5 Nh5 28. Qxc4 R8xc4 29. Bf1 Rc8 30. g4 Nxf4 31. exd6 exd6 32. Rxf4 Rxc2+ 33. Rxc2 Rxc2+ 34. Kg3 Rxa2 35. Kf3 Ra3+ 36. Ke2 Ra4 37. Kd2 a5 38. Kc3 Rxb4 39. Rxb4 axb4+ 40. Kxb4 Kf6 41. Bxb5 Bxb5 42. Kxb5 Ke5 43. Kc6 f5 0-1

[Event "Ambelokipi op 112th"]
[Site "Athens"]
[Date "2011.04.16"]
[Round "3"]
[White "Divaris, Dionisis"]
[Black "Patrinos, Ilias"]
[Result "0-1"]
[WhiteElo "1865"]
[BlackElo "1673"]
[PlyCount "106"]
[EventDate "2011.04.09"]
[EventType "swiss"]
[EventRounds "7"]
[EventCountry "GRE"]
[SourceTitle "EXT 2024"]
[Source "ChessBase"]
[SourceDate "2023.10.10"]
[SourceVersion "1"]
[SourceVersionDate "2023.10.10"]
[SourceQuality "1"]

1. d4 d5 2. c4 e6 3. Nc3 Nf6 4. Bg5 Be7 5. Nf3 h6 6. Bh4 0-0 7. e3 Ne4 8. Bxe7 Qxe7 9. cxd5 Nxc3 10. bxc3 exd5 11. Qb3 Rd8 12. Bd3 Rd6 13. 0-0 Nd7 14. Rfe1 c5 15. c4 Rb6 16. Qc2 dxc4 17. Bxc4 Rf6 18. Rac1 b6 19. Bd5 Rb8 20. e4 Rg6 21. e5 Bb7 22. Qxg6 Bxd5 23. Qg3 Bxa2 24. Ra1 Qe6 25. dxc5 bxc5 26. Red1 Rb6 27. h4 a6 28. Rxa2 Qxa2 29. Rxd7 Rb1+ 30. Kh2 Qa1 31. Kh3 Rh1+ 32. Kg4 Qa4+ 33. Qf4 Qxd7+ 34. Kg3 Qe6 35. Nd2 Qg6+ 36. Kf3 Qh5+ 37. Kg3 g5 38. hxg5 Qxg5+ 39. Qxg5+ hxg5 40. Kf3 Re1 41. Nc4 Kg7 42. Ne3 Kg6 43. Ke4 a5 44. Kd3 a4 45. Nc4 Kf5 46. Nd6+ Ke6 47. Nc4 Rf1 48. f3 Rf2 49. Ke4 Rxg2 50. Kd3 g4 51. f4 Rf2 52. Ke3 Rf3+ 53. Ke4 a3 0-1